[Event "Najdorf Memorial"]
[Site "Warsaw POL"]
[Date "2023.07.13"]
[Round "3.5"]
[White "Cukrowski, Filip"]
[Black "Rozycki, Bartlomiej"]
[Result "1-0"]
[WhiteElo "2378"]
[BlackElo "2135"]

1. d4 Nf6 2. c4 e6 3. g3 d5 4. Bg2 Bb4+ 5. Nd2 O-O 6. a3 Bxd2+ 7. Qxd2 dxc4
8. Qc3 Nc6 9. Nf3 Qd5 10. O-O b5 11. a4 b4 12. Qe3 Qd6 13. Qg5 Bb7 14. Bf4
Qd5 15. Be5 Nxe5 16. dxe5 Ne4 17. Qe3 Rfd8 18. Rac1 Nc5 19. Qf4 Nxa4 20.
Rxc4 c5 21. Qh4 Nb6 22. Rg4 Nd7 23. e4 Qd3 24. Qh6 g6 25. Ng5 Nf8 26. Nxh7
Nxh7 27. Rh4 Re8 28. Qxh7+ Kf8 29. Rf4 Qd7 30. Qh8+ Ke7 31. Qf6+ Kf8 32.
Rh4 Qe7 33. Rh8# 1-0

[Event "Najdorf Memorial"]
[Site "Warsaw POL"]
[Date "2023.07.13"]
[Round "3.6"]
[White "Kowalczyk, Rafal"]
[Black "Gagare, Shardul"]
[Result "1/2-1/2"]
[WhiteElo "2173"]
[BlackElo "2480"]

1. e4 c5 2. c3 d5 3. exd5 Qxd5 4. d4 Nf6 5. Nf3 e6 6. Na3 a6 7. Nc4 Nbd7 8.
a4 cxd4 9. Qxd4 a5 10. Be2 Bc5 11. Qh4 O-O 12. O-O Qe4 13. Qxe4 Nxe4 14.
Nfd2 Nxd2 15. Bxd2 Nb6 16. Nxb6 Bxb6 17. Bf3 e5 18. Rfe1 Bc7 19. Bd5
1/2-1/2

[Event "Najdorf Memorial"]
[Site "Warsaw POL"]
[Date "2023.07.13"]
[Round "3.7"]
[White "Mueller, Magnus"]
[Black "Tomczak, Jacek"]
[Result "0-1"]
[WhiteElo "2201"]
[BlackElo "2606"]

1. e4 e6 2. d4 d5 3. Nd2 h6 4. Ngf3 Nf6 5. e5 Nfd7 6. Bd3 c5 7. c3 Nc6 8.
O-O g5 9. Nb1 g4 10. Ne1 cxd4 11. cxd4 Nxd4 12. b4 Nc6 13. Bb2 Rg8 14. Qe2
Ncxe5 15. Bb5 a6 16. Bxe5 axb5 17. Bd4 Nb8 18. a3 Nc6 19. Bb2 Bg7 20. Bxg7
Rxg7 21. Nc3 Nxb4 22. Rd1 Nc6 23. Rxd5 Qe7 24. Rh5 Bd7 25. Nxb5 Kf8 26. Qd2
f5 27. Qxh6 Ra5 28. a4 Be8 29. Qh8+ Rg8 30. Qh6+ Rg7 31. Qh8+ Rg8 32. Qh6+
Qg7 33. Nc7 Qxh6 34. Rxh6 Kg7 35. Rxe6 Bf7 36. Rd6 Rxa4 37. Nd3 Rd8 38.
Rxd8 Nxd8 39. Ne5 Bg8 40. Rd1 Nc6 41. Nd7 Rd4 42. Rxd4 Nxd4 43. Kf1 Kf7 44.
Nc5 Ke7 45. Nxb7 Bc4+ 46. Ke1 Nb3 47. f3 gxf3 48. gxf3 Kd7 49. Na8 Ba6 50.
Nb6+ Kc6 51. Nc8 Nd4 52. Nbd6 Kc7 53. Kf2 Bxc8 54. Nf7 Kd7 55. Ke3 Ne6 56.
Ne5+ Ke7 57. Nc4 Ba6 58. Ne5 Kf6 59. Nc6 Bb7 60. Nb4 Ng5 61. f4 Nf3 62. Kf2
Nxh2 63. Nd3 Ng4+ 64. Kg3 Ne3 65. Ne5 Ba6 66. Nd7+ Ke7 67. Ne5 Bb5 68. Kh4
Kf6 69. Kg3 Nd5 70. Nf3 Nc7 71. Ne5 Ne6 72. Kf3 Ba6 73. Ke3 Bb7 74. Nd7+
Kg6 75. Ne5+ Kh5 76. Nf7 Be4 77. Ne5 Kh4 78. Nf7 Kg3 79. Nd6 Bb1 80. Kd2
Kxf4 81. Nxf5 Bxf5 82. Kc3 Ke3 83. Kc4 Be4 84. Kb5 Kd4 85. Kb4 Bd5 86. Kb5
Kc3 87. Kb6 Kb4 88. Ka6 Bc6 89. Kb6 Bd7 90. Ka6 Nc7+ 91. Kb6 Nd5+ 92. Ka6
Bc8+ 93. Ka7 Kb5 94. Kb8 Ba6 95. Ka7 Ka5 96. Kb8 Kb6 0-1

[Event "Najdorf Memorial"]
[Site "Warsaw POL"]
[Date "2023.07.13"]
[Round "3.8"]
[White "Jakubowski, Krzysztof"]
[Black "Fiszer, Bartosz"]
[Result "1/2-1/2"]
[WhiteElo "2486"]
[BlackElo "2194"]

1. c4 Nf6 2. Nf3 g6 3. g3 Bg7 4. Bg2 O-O 5. O-O c6 6. d4 d5 7. Qa4 dxc4 8.
Qxc4 Nbd7 9. Nc3 Nb6 10. Qd3 Be6 11. Rd1 Qc8 12. e4 Rd8 13. Qf1 Bc4 14. Qe1
Be6 15. b3 Bh3 16. Ba3 Bxg2 17. Kxg2 Qd7 18. Rd3 Qe8 19. e5 Nfd5 20. Ne4 a5
21. Nc5 Ra7 22. Rc1 a4 23. b4 Nc7 24. Rc2 Nd7 25. Bb2 Nxc5 26. bxc5 Qd7 27.
a3 Qd5 28. h4 Ne6 29. Bc3 Qc4 30. Rd1 Rd7 31. Rb2 Nc7 32. Rb4 Qd5 33. Qe2
Nb5 34. Bb2 Rd8 35. Rc1 f6 36. exf6 Bxf6 37. Rcc4 Rda8 38. Kg1 Qf5 39. Nh2
Nc7 40. Ng4 Bg7 41. d5 Nxd5 42. Bxg7 Kxg7 43. Rf4 Qh5 44. Qe6 Rf8 45. Ne5
Raa8 46. Rxb7 Rxf4 47. gxf4 Rf8 48. Rxe7+ Nxe7 49. Qxe7+ Kg8 50. Qe6+ Kg7
51. Qe7+ Kg8 52. Qe6+ Kg7 1/2-1/2

[Event "Najdorf Memorial"]
[Site "Warsaw POL"]
[Date "2023.07.13"]
[Round "3.9"]
[White "Sengupta, Deep"]
[Black "Mulawa, Cyprian"]
[Result "1-0"]
[WhiteElo "2456"]
[BlackElo "2202"]

1. Nf3 Nf6 2. b3 g6 3. Bb2 Bg7 4. g3 O-O 5. Bg2 d5 6. c4 c5 7. cxd5 Qxd5 8.
O-O Qh5 9. Qc2 Nc6 10. Rc1 b6 11. a3 Bh3 12. d3 Rad8 13. Nbd2 e5 14. Bxh3
Qxh3 15. b4 Nd7 16. Ne4 Rc8 17. Qb3 h6 18. bxc5 bxc5 19. Rab1 c4 20. dxc4
Qe6 21. Qd1 f5 22. Nd6 Rcd8 23. Qd5 Qxd5 24. cxd5 Ne7 25. Nb7 Rc8 26. d6
Nd5 27. a4 Rxc1+ 28. Rxc1 Kf7 29. Nc5 Nxc5 30. Rxc5 Ke6 31. d7 g5 32. Bxe5
Bxe5 33. Rc8 1-0

[Event "Najdorf Memorial"]
[Site "Warsaw POL"]
[Date "2023.07.13"]
[Round "3.10"]
[White "Janeczko, Jakub"]
[Black "Romanishin, Oleg M"]
[Result "1/2-1/2"]
[WhiteElo "2085"]
[BlackElo "2389"]

1. e4 c5 2. d3 e6 3. g3 d5 4. Nd2 Nf6 5. Bg2 dxe4 6. dxe4 Nc6 7. Ngf3 e5 8.
O-O Be6 9. Ng5 Bg4 10. f3 Bc8 11. Nc4 Qxd1 12. Rxd1 h6 13. Nh3 Be6 14. Ne3
c4 15. Nf2 Bc5 16. c3 O-O 17. Bh3 Bxh3 18. Nxh3 Rfd8 19. Kf1 b5 20. Nf2 Nd7
21. Nd5 Nb6 22. Nxb6 axb6 23. Bd2 Ra7 24. Be1 Rxd1 25. Nxd1 b4 26. cxb4
Bxb4 27. Bxb4 Nxb4 28. Rc1 b5 29. a3 Nc6 30. Nc3 1/2-1/2

[Event "Najdorf Memorial"]
[Site "Warsaw POL"]
[Date "2023.07.13"]
[Round "3.11"]
[White "Deszczynski, Adam"]
[Black "Tsiapko, Andrii"]
[Result "0-1"]
[WhiteElo "2321"]
[BlackElo "1996"]

1. e4 c5 2. Nf3 Nc6 3. d4 cxd4 4. Nxd4 g6 5. c4 Nf6 6. Nc3 d6 7. Nc2 Bg7 8.
Be2 Nd7 9. Bd2 Nc5 10. b4 Ne6 11. Rc1 O-O 12. O-O a5 13. a3 axb4 14. axb4
Ncd4 15. Nxd4 Nxd4 16. Be3 Nxe2+ 17. Qxe2 Be6 18. Nd5 Bxd5 19. exd5 Qd7 20.
Rfd1 Ra4 21. Rb1 Rfa8 22. c5 Ra1 23. Rxa1 Rxa1 24. Rxa1 Bxa1 25. Qa2 Be5
26. f4 Bf6 27. c6 bxc6 28. Qa8+ Kg7 29. Qxc6 Qf5 30. Qc4 e6 31. dxe6 d5 32.
Qc5 Qxe6 33. Kf2 Qf5 34. Qd6 Qc2+ 35. Kf3 d4 0-1

[Event "Najdorf Memorial"]
[Site "Warsaw POL"]
[Date "2023.07.13"]
[Round "3.12"]
[White "Karwowski, Kacper"]
[Black "Sriram, Jha"]
[Result "1/2-1/2"]
[WhiteElo "2146"]
[BlackElo "2315"]

1. e4 c5 2. Nf3 d6 3. d4 cxd4 4. Nxd4 Nf6 5. Nc3 g6 6. Be3 Bg7 7. f3 O-O 8.
Bc4 Nc6 9. Bb3 Bd7 10. h4 h5 11. Qd2 Rc8 12. O-O-O Ne5 13. Bg5 Rc5 14. Kb1
b5 15. g4 a5 16. gxh5 a4 17. h6 Bh8 18. Bd5 Kh7 19. Bxf6 Bxf6 20. f4 b4 21.
Nce2 Ng4 1/2-1/2

[Event "Najdorf Memorial"]
[Site "Warsaw POL"]
[Date "2023.07.13"]
[Round "3.13"]
[White "Chomczyk, Marek"]
[Black "Persson, Andreas"]
[Result "1-0"]
[WhiteElo "2277"]
[BlackElo "2135"]

1. c4 c6 2. g3 d5 3. Nf3 Nf6 4. Bg2 dxc4 5. O-O Nbd7 6. Qc2 Nb6 7. Na3 Be6
8. Ne5 Qd4 9. Nxc6 bxc6 10. Bxc6+ Nfd7 11. Bxa8 Nxa8 12. d3 Nab6 13. dxc4
Nxc4 14. Rd1 Qc5 15. Qe4 Ndb6 16. Nxc4 Qxc4 17. Rd4 Qc8 18. Be3 Bf5 19. Qf3
e5 20. Rdd1 Bd7 21. Rac1 Qb8 22. Bxb6 axb6 23. Rxd7 Kxd7 24. Qxf7+ Kd6 25.
Rd1+ Kc6 26. Qd5+ 1-0

[Event "Najdorf Memorial"]
[Site "Warsaw POL"]
[Date "2023.07.13"]
[Round "3.14"]
[White "Jarmula, Lukasz"]
[Black "Wojtaszewski, Piotr"]
[Result "1-0"]
[WhiteElo "2435"]
[BlackElo "1994"]

1. Nf3 g6 2. e4 Bg7 3. d4 d6 4. Bd3 Nf6 5. O-O O-O 6. Re1 c5 7. dxc5 dxc5
8. e5 Nd5 9. Be4 Nc7 10. Qe2 Ne6 11. Rd1 Qc7 12. Nc3 Nd4 13. Nxd4 cxd4 14.
Nd5 Qd7 15. Rxd4 Bxe5 16. Nf6+ Bxf6 17. Rxd7 Nxd7 18. c3 Nc5 19. Bf3 Be6
20. Be3 Rac8 21. Rd1 b6 22. Bg4 Rc6 23. Bxe6 Rxe6 24. Qc4 Re4 25. Qd5 Re5
26. Qc6 Kg7 27. g3 g5 28. Bd4 Re6 29. Qd5 h6 30. Bxc5 bxc5 31. Qxc5 Re2 32.
Qb5 Re6 33. Rd2 a6 34. Qb7 a5 35. Kg2 a4 36. c4 Re1 37. Qa7 1-0

[Event "Najdorf Memorial"]
[Site "Warsaw POL"]
[Date "2023.07.13"]
[Round "3.15"]
[White "Gorkiewicz, Mateusz"]
[Black "Kowalski, Igor"]
[Result "0-1"]
[WhiteElo "2122"]
[BlackElo "2380"]

1. e4 e6 2. d4 d5 3. Nc3 Bb4 4. e5 Ne7 5. Bd2 b6 6. Qg4 O-O 7. h4 Kh8 8.
Nf3 Ba6 9. Bxa6 Nxa6 10. O-O c5 11. h5 h6 12. Rad1 Bxc3 13. Bxc3 Rc8 14.
Qf4 cxd4 15. Nxd4 Rc4 16. Qe3 Qd7 17. b3 Rcc8 18. Bb2 Nb4 19. c3 Nbc6 20.
Ba3 Rfd8 21. g4 Nxd4 22. cxd4 Rc2 23. Rd2 Rdc8 24. Qe2 Rxd2 25. Qxd2 Ng8
26. f4 f5 27. gxf5 exf5 28. Rc1 Rxc1+ 29. Qxc1 Qe8 30. Qd1 g6 31. Qf3 Qe6
32. hxg6 Kg7 33. Kf2 Qc6 34. Qe2 Kxg6 35. Qd3 Qc8 36. Kg2 Kf7 37. Kh3 Ne7
38. Qf3 Qe6 39. Qc3 Qg6 40. Qf3 Ke6 41. Bxe7 Kxe7 42. Qg3 Qc6 43. Qg7+ Ke8
44. Qg8+ Ke7 45. Qh7+ Ke8 46. Qxf5 Qc3+ 47. Kg4 Qxd4 48. Qe6+ Kd8 49. Qf6+
Kc7 50. Kf5 Qe4+ 51. Ke6 d4 52. Qe7+ Kc6 53. Qd7+ Kc5 54. Qd6+ Kb5 55. f5
Qg4 56. a4+ Ka6 57. Qd8 Ka5 58. Qd5+ Kb4 59. Qc4+ Ka3 60. Qd3 h5 0-1

[Event "Najdorf Memorial"]
[Site "Warsaw POL"]
[Date "2023.07.13"]
[Round "3.16"]
[White "Cherniaiev, Tykhon"]
[Black "Slomczewski, Michal"]
[Result "1-0"]
[WhiteElo "2331"]
[BlackElo "2101"]

1. Nf3 Nf6 2. c4 c6 3. d4 d5 4. e3 g6 5. Bd3 Bg7 6. O-O O-O 7. Nbd2 dxc4 8.
Nxc4 Nd5 9. Bd2 Re8 10. h3 b6 11. Rc1 Ba6 12. Qb3 Bxc4 13. Bxc4 e6 14. e4
Nf6 15. Bd3 Qe7 16. Bg5 Qb7 17. Bxf6 Bxf6 18. e5 Be7 19. Be4 Rc8 20. Rc3
Na6 21. a3 Rc7 22. Rfc1 Rac8 23. Qc2 Nb8 24. d5 exd5 25. Bxd5 Bc5 26. Ba2
a5 27. Ng5 Re7 28. Rf3 Rf8 29. Qc4 h6 30. Nxf7 Rfxf7 31. b4 axb4 32. axb4
Na6 33. bxc5 Nxc5 34. Rxf7 Rxf7 35. Rd1 Kg7 36. Qxf7+ Qxf7 37. Bxf7 Kxf7
38. Rd6 b5 39. Rxc6 Nd3 40. f4 1-0

[Event "Najdorf Memorial"]
[Site "Warsaw POL"]
[Date "2023.07.13"]
[Round "3.17"]
[White "Minald, Andrey"]
[Black "Mickiewicz, Piotr"]
[Result "1/2-1/2"]
[WhiteElo "2091"]
[BlackElo "2245"]

1. d4 Nf6 2. c4 g6 3. Nc3 Bg7 4. e4 d6 5. f3 O-O 6. Be3 b6 7. Bd3 a6 8.
Nge2 c5 9. Qd2 Nc6 10. d5 Ne5 11. O-O Nxd3 12. Qxd3 Nd7 13. Qd2 Ne5 14. b3
b5 15. cxb5 axb5 16. Nxb5 Ba6 17. Nbc3 Qa5 18. Bh6 Bxh6 19. Qxh6 Rfb8 20.
h4 Bd3 21. h5 c4 22. Kf2 Bxe2 23. Nxe2 cxb3 24. hxg6 Qb6+ 25. Kg3 Nxg6 26.
Rh1 Rxa2 27. Qxh7+ Kf8 28. Nf4 Qf2+ 29. Kg4 Rxa1 30. Nxg6+ Ke8 31. Qh8+ Kd7
32. Qxa1 Qxg2+ 33. Kf4 Qd2+ 34. Kg3 Qg5+ 35. Kf2 Qd2+ 36. Kg3 Qa2 37. Qxa2
bxa2 38. Ra1 Rg8 39. Rxa2 Rxg6+ 40. Kf4 Rf6+ 41. Ke3 Rh6 1/2-1/2

[Event "Najdorf Memorial"]
[Site "Warsaw POL"]
[Date "2023.07.13"]
[Round "3.18"]
[White "Zheng, Harry Z"]
[Black "Kovalevsky, Stanislav"]
[Result "1/2-1/2"]
[WhiteElo "2063"]
[BlackElo "2226"]

1. e4 c6 2. d4 d5 3. e5 c5 4. dxc5 e6 5. a3 Bxc5 6. b4 Be7 7. Nf3 a5 8. b5
Nd7 9. Bd3 f6 10. Bb2 Nh6 11. O-O O-O 12. Nbd2 Nf7 13. exf6 Bxf6 14. Bxf6
Qxf6 15. c4 b6 16. Qc2 h6 17. cxd5 exd5 18. Rac1 Nfe5 19. Be2 Nc5 20. Nxe5
Qxe5 21. Nf3 Qf6 22. Qd1 Be6 23. Nd4 Rad8 24. Bf3 Rd6 25. Rc2 Bf5 26. Nxf5
Qxf5 27. Rd2 Rfd8 28. Rd4 Qg5 29. Re1 Kh8 30. h4 Qf5 31. g3 Qf6 32. Rf4 Qb2
33. Rf7 Rf6 34. Rfe7 Rdf8 35. Re8 Ne4 36. Rxf8+ Rxf8 37. Re2 Qxa3 38. Bxe4
dxe4 39. Rxe4 Qc5 1/2-1/2

[Event "Najdorf Memorial"]
[Site "Warsaw POL"]
[Date "2023.07.13"]
[Round "3.19"]
[White "Karpus, Michal"]
[Black "Majek, Kacper"]
[Result "1-0"]
[WhiteElo "2212"]
[BlackElo "2090"]

1. e4 e5 2. f4 d5 3. exd5 exf4 4. Nf3 Nf6 5. Bb5+ c6 6. dxc6 Nxc6 7. d4 Bd6
8. O-O O-O 9. Nbd2 Re8 10. c3 Bc7 11. Bd3 Bg4 12. Re1 Qd5 13. Qb3 Rxe1+ 14.
Nxe1 Qd7 15. Qxb7 Rb8 16. Qa6 Nxd4 17. cxd4 Qxd4+ 18. Kh1 Qf2 19. Ndf3 Rb6
20. Qxa7 Nh5 21. Be3 Qxe3 22. Qxc7 g6 23. Qd8+ Kg7 24. Qd4+ Qxd4 25. Nxd4
Rxb2 26. a4 Bc8 27. a5 Nf6 28. a6 Ng4 29. Kg1 Nf2 30. Be2 Ne4 31. Bf3 f5
32. a7 Bb7 33. a8=Q Bxa8 34. Rxa8 Rb1 35. Nc2 g5 36. Ra1 Rb2 37. Nd4 Kf6
38. Ra6+ Kf7 39. Nxf5 Nf6 40. Nd3 Rb1+ 41. Kf2 Nd7 42. Bh5+ Kf8 43. Ra7 1-0

[Event "Najdorf Memorial"]
[Site "Warsaw POL"]
[Date "2023.07.13"]
[Round "3.21"]
[White "Markuszewski, Maksymilian"]
[Black "Zalega, Maciej"]
[Result "1/2-1/2"]
[WhiteElo "2039"]
[BlackElo "2182"]

1. d4 Nf6 2. c4 g6 3. Nc3 Bg7 4. e4 d6 5. Nf3 O-O 6. Be2 e5 7. Be3 Nc6 8.
d5 Ne7 9. Nd2 Ne8 10. c5 f5 11. f3 Kh8 12. Nc4 Ng8 13. b4 Ngf6 14. a4 Nh5
15. g3 fxe4 16. Nxe4 Nhf6 17. Nf2 Qe7 18. O-O Qf7 19. cxd6 cxd6 20. Ne4 Qe7
21. Rc1 Bh3 22. Re1 Nxe4 23. fxe4 Nf6 24. Nd2 Rf7 25. Bf1 Qd7 26. Bb5 Qe7
27. Bf1 Qd7 1/2-1/2

[Event "Najdorf Memorial"]
[Site "Warsaw POL"]
[Date "2023.07.13"]
[Round "3.22"]
[White "Zhuk, Ivan"]
[Black "Zubova, Mariya"]
[Result "0-1"]
[WhiteElo "2017"]
[BlackElo "2163"]

1. e4 c5 2. Nf3 Nc6 3. d4 cxd4 4. Nxd4 Nf6 5. Nc3 e5 6. Ndb5 d6 7. Bg5 a6
8. Na3 b5 9. Nd5 Be7 10. Bxf6 Bxf6 11. g3 Bg5 12. Bg2 O-O 13. O-O Be6 14.
c4 b4 15. Nc2 a5 16. Qe2 Bxd5 17. exd5 Nb8 18. h4 Bh6 19. Ne1 Nd7 20. Nd3
f5 21. a3 e4 22. Nc1 Nc5 23. Qc2 Bxc1 24. Raxc1 b3 25. Qe2 f4 26. Qg4 f3
27. Bh3 Qf6 28. Rc3 Rae8 29. Re1 Re5 30. h5 Qh6 31. Kh2 Rg5 32. Qh4 Rxh5
33. Qg4 Re5 34. Rce3 Nd3 35. Rxd3 exd3 36. Rd1 d2 37. Qd4 Re1 0-1

[Event "Najdorf Memorial"]
[Site "Warsaw POL"]
[Date "2023.07.13"]
[Round "3.23"]
[White "Taranowicz, Michal"]
[Black "Padalka, Artem"]
[Result "0-1"]
[WhiteElo "2005"]
[BlackElo "2158"]

1. e4 c5 2. Nf3 d6 3. d4 cxd4 4. Qxd4 a6 5. Be2 Nc6 6. Qe3 g6 7. O-O Bg7 8.
Rd1 Nf6 9. h3 Qc7 10. c4 O-O 11. Nc3 e6 12. Rb1 Re8 13. Qf4 e5 14. Qh4 Be6
15. Bg5 Nh5 16. Rbc1 h6 17. Nd5 hxg5 18. Nxg5 Qd8 19. Bxh5 Bh6 20. f4 exf4
21. Nf3 Qxh4 22. Nxh4 gxh5 23. Nf6+ Kf8 24. Nxe8 Rxe8 25. Rxd6 f3 26. Rc3
fxg2 27. Kxg2 Bg7 28. Rc2 Be5 29. Rd1 Nb4 30. Rcd2 Nxa2 31. b3 Nc3 32. Re1
b5 33. Nf3 Bf4 34. Rd4 b4 35. e5 Bh6 36. Rd6 a5 37. Ra1 a4 38. Rb6 a3 39.
Rxb4 Ra8 0-1

[Event "Najdorf Memorial"]
[Site "Warsaw POL"]
[Date "2023.07.13"]
[Round "3.24"]
[White "Kazmierowski, Tymon"]
[Black "Wiech, Grzegorz"]
[Result "0-1"]
[WhiteElo "1993"]
[BlackElo "2140"]

1. e4 c5 2. Nf3 d6 3. d4 cxd4 4. Nxd4 Nf6 5. Nc3 a6 6. f3 e6 7. Be3 b5 8.
Qd2 Bb7 9. a3 Nbd7 10. g4 h6 11. O-O-O d5 12. exd5 Nxd5 13. Nxd5 Bxd5 14.
Be2 Be7 15. Nf5 Bf6 16. Qb4 a5 17. Qe1 O-O 18. Bxb5 Qb8 19. Rxd5 exd5 20.
Bxd7 Qxb2+ 21. Kd1 Rfd8 22. Bc1 Qb1 23. Ba4 Bg5 24. Ke2 Re8+ 25. Be3 Qb6
26. f4 Bxf4 27. Kf3 Bxe3 28. Nxe3 Qf6+ 29. Kg2 Re4 30. Bd7 Qe7 31. Nxd5
Re2+ 32. Kh3 Rxe1 33. Nxe7+ Rxe7 34. Bf5 Re3+ 35. Kg2 Rxa3 36. h4 g6 37.
Bd3 Rc3 38. h5 g5 39. Be4 Re8 40. Bd3 a4 41. Ra1 a3 42. Kf3 Kg7 43. Ra2 Re5
44. Kf2 Kf6 45. Ra1 Ke6 46. Rd1 Ra5 47. Re1+ Kd6 48. Rd1 Kc5 49. Ke3 a2 50.
Ra1 Ra4 51. Kd2 Kd4 52. Bb5 Ra5 53. Be8 Ra7 54. Kc1 Re3 55. Bb5 Kc3 0-1

[Event "Najdorf Memorial"]
[Site "Warsaw POL"]
[Date "2023.07.13"]
[Round "3.25"]
[White "Mirski, Stanislaw"]
[Black "Smetek, Michal"]
[Result "1/2-1/2"]
[WhiteElo "2139"]
[BlackElo "1943"]

1. d4 d5 2. Nf3 Nf6 3. g3 g6 4. Bg2 Bg7 5. O-O O-O 6. c4 c6 7. b3 a5 8. Nc3
Ne4 9. Bb2 Nxc3 10. Bxc3 Nd7 11. Rc1 Nf6 12. Ne5 Be6 13. Bb2 a4 14. b4 a3
15. Ba1 Ne4 16. Qd3 Nd6 17. c5 Nb5 18. h4 f6 19. Nf3 Bf5 20. Qb3 Be4 21.
Bh3 Bxf3 22. Qxf3 e5 23. e4 dxe4 24. Qb3+ Kh8 25. dxe5 f5 26. Rfd1 Qe7 27.
Bf1 f4 28. Bxb5 cxb5 29. e6 Rad8 30. Bxg7+ Kxg7 31. Qc3+ Qf6 32. Rd7+ Rxd7
33. exd7 Rd8 34. Qxf6+ Kxf6 35. Rd1 Ke7 36. Re1 fxg3 37. Rxe4+ Kxd7 38.
fxg3 Kc6 39. Re6+ Kc7 40. Re7+ Kc6 41. Re6+ Kc7 42. Re7+ Kc6 43. Re6+ Kc7
44. Re7+ Kc8 45. Rxh7 Rd2 46. g4 Rxa2 47. h5 Rd2 1/2-1/2

[Event "Najdorf Memorial"]
[Site "Warsaw POL"]
[Date "2023.07.13"]
[Round "3.26"]
[White "Jedrusik, Adam"]
[Black "Jarzebowski, Kacper"]
[Result "0-1"]
[WhiteElo "1970"]
[BlackElo "2134"]

1. d4 d6 2. c4 e5 3. d5 f5 4. Nc3 Nf6 5. Qc2 Be7 6. e4 fxe4 7. Nge2 Na6 8.
Ng3 Nc5 9. h3 O-O 10. Be3 b6 11. b4 Nd3+ 12. Bxd3 exd3 13. Qxd3 a5 14. b5
Qe8 15. O-O-O Nh5 16. Nxh5 Qxh5 17. g4 Qh4 18. Ne4 Rf3 19. Qf1 Bd7 20. Qg2
Raf8 21. Rdf1 Be8 22. Nd2 e4 23. a4 Bg6 24. Kc2 Bg5 25. Qg1 R3f7 26. Kc3 h6
27. Kc2 Bf4 28. Kc3 Qf6+ 29. Kb3 Qe5 30. Qg2 Bg5 31. h4 Bf6 32. Rb1 Qc3+
33. Ka2 Qc2+ 34. Ka3 Bc3 35. Qf1 Bxd2 0-1

[Event "Najdorf Memorial"]
[Site "Warsaw POL"]
[Date "2023.07.13"]
[Round "3.27"]
[White "Dmochowska, Agnieszka"]
[Black "Praczukowski, Stanislaw"]
[Result "0-1"]
[WhiteElo "1977"]
[BlackElo "2147"]

1. Nf3 d5 2. d4 Nf6 3. c4 e6 4. Nc3 Bb4 5. Bg5 h6 6. Bxf6 Qxf6 7. Qb3 c5 8.
dxc5 Bxc3+ 9. bxc3 dxc4 10. Qxc4 Nc6 11. e3 O-O 12. Bd3 e5 13. O-O Be6 14.
Qb5 Rab8 15. Be4 Rfc8 16. Rfd1 Qe7 17. Rd6 Qc7 18. Rad1 a6 19. Qa4 Na5 20.
Nxe5 Qxc5 21. Nd7 Bxd7 22. Qxd7 Nc6 23. Qg4 Qxc3 24. Rxh6 Rd8 25. Rf1 Ne5
26. Qg3 Nc4 27. Rh7 Nd2 28. Qh4 g6 29. Bxg6 fxg6 30. Qe7 Rf8 31. Rh6 Qg7
32. Qe6+ Qf7 33. Rxg6+ Kh7 34. Rh6+ Kg7 35. Qh3 Qf5 36. Rh7+ Qxh7 37. Qd7+
Kg8 38. Qxd2 Qf7 39. e4 Rbd8 40. Qe2 Qf4 41. Qc4+ Rf7 42. Qe6 Qxf2+ 0-1

[Event "Najdorf Memorial"]
[Site "Warsaw POL"]
[Date "2023.07.13"]
[Round "3.28"]
[White "Lisowski, Krzysztof"]
[Black "Zaninotto, Franco"]
[Result "1/2-1/2"]
[WhiteElo "2128"]
[BlackElo "2026"]

1. e4 c5 2. Nf3 g6 3. d4 cxd4 4. Nxd4 Nc6 5. Nc3 Bg7 6. Be3 Nf6 7. f3 O-O
8. Nb3 a5 9. a4 d5 10. exd5 Nb4 11. Nd4 Nfxd5 12. Nxd5 Qxd5 13. c3 Qe5 14.
Qe2 Nd5 15. Bf2 Qf6 16. g3 e5 17. Nb5 Bf5 18. Bg2 Qe7 19. O-O Nc7 20. Rfe1
Nxb5 21. axb5 Be6 22. Bb6 a4 23. Bf1 Rfc8 24. Qe4 f5 25. Qe3 Bb3 26. Bd4
Re8 27. c4 Qf7 28. Ba7 Bxc4 29. Rxa4 Bxf1 30. Rxf1 Rad8 31. Bb6 Rd7 32. Qe2
Qe6 33. Qc4 Qxc4 34. Rxc4 Rd5 35. Rc5 Rxc5 36. Bxc5 Rd8 37. Rf2 Kf7 38. Kf1
Ke6 39. Re2 Rd3 40. Kf2 Kd5 41. Be3 Ke6 42. Rc2 Bf6 43. Rc7 Rd7 44. Rc8 Rd8
45. Rc7 Rd7 46. Rc8 Rd8 1/2-1/2

[Event "Najdorf Memorial"]
[Site "Warsaw POL"]
[Date "2023.07.13"]
[Round "3.29"]
[White "Szewczyk, Mariusz"]
[Black "Biesiadecki, Adam"]
[Result "1-0"]
[WhiteElo "2128"]
[BlackElo "2015"]

1. e4 c5 2. Nf3 Nc6 3. Bb5 g6 4. Bxc6 dxc6 5. d3 Bg7 6. h3 e5 7. Be3 b6 8.
a4 a5 9. Na3 h6 10. Nc4 f6 11. b4 axb4 12. a5 bxa5 13. Bxc5 Bf8 14. Bb6 Qe7
15. Rxa5 Rxa5 16. Bxa5 Be6 17. Nfd2 Rh7 18. O-O Qa7 19. Bb6 Qa2 20. f4 exf4
21. Rxf4 Rd7 22. e5 f5 23. Nd6+ Bxd6 24. exd6 Rxd6 25. Rxb4 Nf6 26. Bc5 Rd5
27. d4 Rd8 28. Qe1 Kf7 29. Nf3 Qd5 30. Rb7+ Kg8 31. Qh4 Rd7 32. Qxh6 1-0

[Event "Najdorf Memorial"]
[Site "Warsaw POL"]
[Date "2023.07.13"]
[Round "3.30"]
[White "Bazilius, Augustinas"]
[Black "Majocha, Piotr"]
[Result "1/2-1/2"]
[WhiteElo "2110"]
[BlackElo "1979"]

1. d4 Nf6 2. c4 e6 3. Nf3 d5 4. g3 Be7 5. Bg2 O-O 6. O-O c6 7. Qc2 Nbd7 8.
Nbd2 b6 9. e4 dxc4 10. Nxc4 Bb7 11. Rd1 h6 12. Nfe5 Qc7 13. Nxd7 Qxd7 14.
Ne5 Qc7 15. Bf4 Bd6 16. Nd3 Bxf4 17. Nxf4 Rac8 18. Rac1 e5 19. Nd5 Qd6 20.
dxe5 Qxe5 21. f4 Qe6 22. Nxf6+ Qxf6 23. Rd7 Rb8 24. Rcd1 Qe6 25. b3 c5 26.
R1d6 Qe8 27. Rc7 Qb5 28. Rdd7 Bc8 29. Re7 Qb4 30. Bf1 Qd4+ 31. Qf2 Qd1 32.
Kg2 Qh5 33. f5 b5 34. Be2 Qg5 35. h4 Qf6 36. Bh5 g6 37. fxg6 Bh3+ 38. Kg1
Qa1+ 39. Kh2 fxg6 40. Rg7+ Qxg7 41. Rxg7+ Kxg7 42. Qxc5 Rb6 43. Kxh3 gxh5
44. Qxh5 a6 45. Qc5 Re6 46. Qd4+ Kg8 47. Qd5 Re8 48. Kg4 Kg7 49. Qd4+ Kg6
50. Kf4 Rf8+ 51. Ke3 Rfe8 52. Qd5 Kg7 53. g4 R8e7 54. Qd4+ Kg6 55. Kd3 Re8
56. Qc5 R8e7 57. Qd5 Kg7 58. Kd4 Rg6 59. Qc5 Rd7+ 60. Ke3 Re6 61. e5 Rde7
62. Ke4 Kg6 63. Qc3 Re8 64. Kd5 Kg7 65. Qg3 Kf7 66. Qf2+ Ke7 67. Qf5 Rd8+
68. Ke4 Rf8 69. Qh5 Rf1 70. Kd4 Rd1+ 71. Kc3 Rd5 72. g5 Rdxe5 73. Kb4 hxg5
74. hxg5 Kd6 75. Qd1+ Rd5 76. Qc1 Rg6 77. Qf4+ Re5 78. Qf8+ Ke6 79. Qc8+
Ke7 80. Qb7+ Kf8 81. Qb8+ Re8 82. Qf4+ Kg8 83. Qf5 Ree6 84. Kc5 Kg7 85. Kd5
Re7 86. Qf4 Rf7 87. Qe5+ Kg8 88. Ke4 Kh7 89. Qd5 Kg7 90. Ke3 Kg8 91. Qd4
Rf5 92. Qd8+ Rf8 93. Qd5+ Rf7 94. Ke4 Kg7 95. Qe5+ Kg8 96. Qb8+ Kg7 97. Qg3
Re6+ 98. Kd5 Rg6 99. Ke5 Kg8 100. Qc3 Rxg5+ 101. Ke6 Rg6+ 102. Ke5 Rg5+
103. Ke6 Rg6+ 1/2-1/2

[Event "Najdorf Memorial"]
[Site "Warsaw POL"]
[Date "2023.07.13"]
[Round "3.31"]
[White "Markowski, Damian"]
[Black "Rasmussen, Jonas H"]
[Result "1-0"]
[WhiteElo "2104"]
[BlackElo "1970"]

1. e4 e5 2. Nf3 Nc6 3. Bc4 Bc5 4. d3 a6 5. c3 Nf6 6. O-O Ba7 7. Nbd2 O-O 8.
h3 d6 9. Bb3 h6 10. Re1 Nh5 11. Nf1 Qf6 12. Be3 Nf4 13. Bxa7 Rxa7 14. Ne3
Ne7 15. Kh2 Ra8 16. Ng1 c6 17. g3 Nfg6 18. Rf1 Rd8 19. Qe2 d5 20. Rad1 Be6
21. Bc2 Nc8 22. Kg2 Nb6 23. a4 a5 24. Kh2 Nd7 25. Ng2 Nb6 26. b3 dxe4 27.
dxe4 Rxd1 28. Rxd1 Rd8 29. Rxd8+ Qxd8 30. f4 exf4 31. gxf4 Qc7 32. Qf2 Nc8
33. Qg3 Bd7 34. Nf3 b5 35. Nd4 Nb6 36. e5 Ne7 37. axb5 cxb5 38. Qd3 g6 39.
Nxb5 Bxb5 40. Qxb5 Nbd5 41. c4 Nb4 42. Be4 Nec6 43. Qc5 Kg7 44. h4 Qd7 45.
Qb5 Qc7 46. Qc5 Qd7 47. Bd5 Ne7 48. Be4 Nec6 49. Qe3 Nd4 50. Qc3 Kg8 51. c5
Nbc6 52. Qc4 Nb4 53. Bxg6 Nf3+ 54. Kg3 Nd2 55. c6 Nxc6 56. Bxf7+ Qxf7 57.
Qxc6 Qxb3+ 58. Kg4 Qd1+ 59. Kf5 Qh5+ 60. Ke6 Qf7+ 61. Kd6 Qg6+ 62. Kc7
Qxc6+ 63. Kxc6 a4 64. Ne3 a3 65. Nc2 a2 66. Na1 Ne4 67. Kd5 Ng3 68. Ke6 1-0

[Event "Najdorf Memorial"]
[Site "Warsaw POL"]
[Date "2023.07.13"]
[Round "3.32"]
[White "Adamski, Jan"]
[Black "Podgorski, Maciej"]
[Result "0-1"]
[WhiteElo "2099"]
[BlackElo "1960"]

1. Nf3 Nf6 2. c4 g6 3. Nc3 Bg7 4. e4 O-O 5. d4 d6 6. Be2 e5 7. Be3 Ng4 8.
Bg5 f6 9. Bc1 f5 10. Bg5 Qe8 11. dxe5 Nxe5 12. Nxe5 dxe5 13. Nd5 Rf7 14.
exf5 Bxf5 15. O-O Nc6 16. Be3 Nd4 17. Bxd4 exd4 18. Bd3 Bxd3 19. Qxd3 Qf8
20. a3 a5 21. b4 axb4 22. axb4 Rxa1 23. Rxa1 c6 24. Nb6 Qxb4 25. Rb1 Qc5
26. Na4 Qf5 27. Qxf5 Rxf5 28. c5 d3 29. g3 Bd4 0-1